Fires on the plain
Bewaard in:
| Hoofdauteur: | |
|---|---|
| Formaat: | Boek |
| Taal: | Engels |
| Gepubliceerd in: |
Tokio
Charles E. Tuttle
1992
|
| Reeks: | Tutle books
|
| Onderwerpen: | |
| Tags: |
Voeg label toe
Geen labels, Wees de eerste die dit record labelt!
|
MARC
| LEADER | 00000nam a2200000 a 4500 | ||
|---|---|---|---|
| 001 | UCY1467 | ||
| 003 | CL-VaPUC | ||
| 008 | 940905e19920000JA |||||||||||||||||eng|d | ||
| 082 | 0 | 4 | |a 895.603 |b OOK |2 21 |
| 100 | 0 | |a Ooka, Shohei |e author |9 329457 | |
| 245 | 1 | 0 | |a Fires on the plain |
| 300 | |a 246 p | ||
| 942 | |c BK | ||
| 945 | |d 19940905 00:00:00 |a rbrito | ||
| 260 | |a Tokio |b Charles E. Tuttle |c 1992 | ||
| 650 | 7 | |a NOVELAS JAPONESAS |2 CL-VaPUC |9 329458 | |
| 583 | |a last modification |c 19940905 00:00:00 |k Rodrigo Vera | ||
| 490 | 0 | |a Tutle books | |
| 999 | |c 230161 |d 230159 | ||
| 952 | |0 0 |1 0 |4 0 |6 895_603000000000000_OOK_1992 |7 0 |8 A |9 232204 |a BIBGIM |b BIBGIM |d 2019-11-15 |i 3015440 |l 3 |m 1 |o 895.603 OOK 1992 |p 3015440 |r 2025-03-24 |s 2025-03-24 |w 2019-11-15 |y BK |k ORI | ||